000 00438nmm a2200157Ia 4500
008 251105s9999||||xx |||||||||||||||||und||
020 _a9781558857032
041 _aeng
100 _aIorio, Lyn Di
245 0 _aOutside the Bones
264 _a[Washington, Estados Unidos] :
_bArte Público Press,
_c2011
300 _a208 páginas
650 _aErotic novel
856 _uhttps://public.digitaliapublishing.com/a/62897
942 _cCF
999 _c74858
_d74858